Statistics for European Cities Flags

Click here to take the quiz!

General Stats

  • This quiz has been taken 40 times
  • The average score is 11 of 16

Answer Stats

Answer% Correct
City of London
92%
Dublin
92%
Berlin
89%
Madrid
89%
Rome
87%
Paris
84%
Warsaw
84%
Barcelona
82%
Moscow
82%
Amsterdam
76%
Brussels
63%
Helsinki
55%
Kiev
47%
Zürich
47%
Belgrade
37%
Frankfurt
29%

Score Distribution

Percentile by Number Answered

Percent of People with Each Score

Your Score History

You have not taken this quiz